|
|
|
|
| LEADER |
00000nam a22000007a 4500 |
| 005 |
2020072402062.0 |
| 007 |
cr|||| |||| |
| 008 |
200724s2011 br |||||s|||| 00||0 por d |
| 020 |
|
|
|a 978-85-89917-77-3
|
| 035 |
|
|
|a 31899
|
| 040 |
|
|
|a vLex
|
| 090 |
|
|
|c 10717
|d 10717
|
| 100 |
1 |
|
|a Dr̤o de Freitas, Marcos Lc︢io
|
| 245 |
1 |
0 |
|a Tudo o Que Voc ̊Precisa Saber Sobre O Cd̤igo de Defesa do Consumidor
|h [Recurso electrn̤ico] /
|c Marcos Lc︢io Dr̤o de Freitas
|
| 256 |
|
|
|a Servicio en ln̕ea
|
| 260 |
|
|
|a San Pablo:
|b Letras Jurídicas Editora,
|c 2011
|
| 300 |
|
|
|a 1 recurso electrn̤ico
|
| 500 |
|
|
|a Lei N. 8078, de 11 de Setembro de 1990, Atualizada At ̌Abril/2011. O Cd̤igo de Defesa do Consumidor, no formato papel, ̌a primeira obra de uma sřie de textos legais da Coleȯ̂ Catl̀ogo das Leis que estamos disponibilizando com o objetivo de facilitar o estudo e a pesquisa dos conted︢os das leis existentes em nosso pas̕.
|
| 506 |
1 |
|
|a Disponible solo en los productos indicados
|d vLex Global
|d vLex Global (Academic Edition, excluding Law Schools)
|d vLex Global (U.S. Academic Edition, Law Schools)
|d vLex Global (U.S. Academic Edition, excluding Law Schools)
|d vLex Global (Academic Edition, Law Schools)
|
| 650 |
0 |
4 |
|a Consumidores Usuarios
|z Brasil
|
| 740 |
0 |
|
|a vLex Libros (Servicio en ln̕ea)
|
| 856 |
4 |
0 |
|u http://vlex.com/source/tudo-o-que-voc-precisa-saber-sobre-o-codigo-de-defesa-do-consumidor-31899
|z Acceso restringido
|
| 942 |
|
|
|c BOOK
|
| 999 |
0 |
|
|a Consumers Users
|